Poplatky nenápadne predražujú hypotekárny úver

K jednému hypotekárnemu úveru musia mať klienti otvorené dva účty, za ktoré platia poplatky. Ak chce klient získať hypotekárny úver musí si v banke založiť osobný účet. Reálne náklady hypotekárneho úveru v jednotlivých bankách.

Gespeichert in:
Bibliographische Detailangaben
1. Verfasser: Vavřinková, Jana
Format: Buchkapitel
Sprache:Slowakisch
Schlagworte:
Tags: Tag hinzufügen
Keine Tags, Fügen Sie das erste Tag hinzu!

MARC

LEADER 00000naa a2200000 4500
001 r048200
005 20230921114632.1
041 0 |a slo 
044 |a SK 
245 1 0 |a Poplatky nenápadne predražujú hypotekárny úver  |c Jana Vavřinková 
520 |a K jednému hypotekárnemu úveru musia mať klienti otvorené dva účty, za ktoré platia poplatky. Ak chce klient získať hypotekárny úver musí si v banke založiť osobný účet. Reálne náklady hypotekárneho úveru v jednotlivých bankách. 
610 2 0 |a úver hypotekárny 
610 2 0 |a klienti 
610 2 0 |a poplatky 
610 2 0 |a účty bankové 
610 2 0 |a náklady 
100 1 |a Vavřinková, Jana